00684nam a2200217Ia 450000500170000000800410001704000190005804100120007708200160008910000170010524500400012226000360016230000240019850400190022265000190024165100710026085000100033194200070034199900160034895201020036420220715153308.0131103s9999 xx 000 0 und d aLoreto College aEnglish a307.76bGHU aGhurye, G.S. aCities and civilizationcG.S.Ghurye aBombaybPopular Prakashanc1962 a306 p.b ill., fig. aIncludes index aCommunities -  aCommunities - Specific kind of communities - Urban Communities -  aLCLIB cBK c1405d51884 00102ddc4070aMAINbMAINd2013-11-04l0o307.76 GHU 13163pB2038r2013-11-04w2013-11-04yBKf